Govt. of
Madhya Pradesh

The Mystical Element of Religion (Record no. 39431)

MARC details
000 -LEADER
fixed length control field 004950000a22001690004500
003 - CONTROL NUMBER IDENTIFIER
control field MACL
005 - DATE AND TIME OF LATEST TRANSACTION
control field 20151230163224.0
008 - FIXED-LENGTH DATA ELEMENTS--GENERAL INFORMATION
fixed length control field 151230b xxu||||| |||| 00| 0 eng d
040 ## - CATALOGING SOURCE
Original cataloging agency MACL
Transcribing agency MACL
041 ## - LANGUAGE CODE
Language code of text/sound track or separate title English
082 ## - DEWEY DECIMAL CLASSIFICATION NUMBER
Classification number 291/HUG
100 ## - MAIN ENTRY--PERSONAL NAME
Personal name Friedrich, Baron
9 (RLIN) 24660
245 ## - TITLE STATEMENT
Title The Mystical Element of Religion
Remainder of title As Studied in Saint Catherine of Genoa and Her Friends vol 2
260 ## - PUBLICATION, DISTRIBUTION, ETC. (IMPRINT)
Name of publisher, distributor, etc. J M Dent & Sons LTD
Place of publication, distribution, etc. Micmix
Date of publication, distribution, etc. 1908
650 ## - SUBJECT ADDED ENTRY--TOPICAL TERM
Topical term or geographic name as entry element Religion
9 (RLIN) 25241
942 ## - ADDED ENTRY ELEMENTS (KOHA)
Koha item type Books
Call number prefix 291/HUG
Source of classification or shelving scheme

No items available.